1083 1462 1870 1341 1507 1640 1389 1316 1131 1237 1202 1908 1000 1335 1058 1928 1439 1339 1714 1048 1261 1318 1731 1991 1082 1918 1333 1692 1952 1747 1730 1150 1062 1478 1169 1998 1214 1080 1951 1808 1298 1317 1551 1966 1035 1511 1386 1935 1151 1225 1938 1752 1539 1097 1904 1522 1630 1834 1847 1683 1512 1648 1856 1347 1995 1328 1796 1083 1913 1824 1085 1018 1183 1897 1652 1913 1772 1061 1142 1634 1981 1068 1042 1110 1333 1772 1278 1133 1642 1493 1609 1457 1967 1008 1927 1246 1605 1684 1467 BCNSPRNW ULIB Ver.6.0+V

เปลี่ยนเป็นภาษาไทย

Change to English
 แสดงรายละเอียดบรรณานุกรม
  กลับหน้าหลัก

Brief Record : Get Marc (ISO 2709) : E-mail record : QR code < ปิดหน้าต่าง
LEADER : 00000nam 2200000uu 4500
001    13399121646
003     ULIB
008    121128s2550||||th 000 0 tha d
020    ^a9789748377032
060 04 ^aWS200^bช175U
245 00 ^aUpdate on pediatric infectious diseases^n2007 /^cบรรณาธิการ อังกูร เกิดพาณิช ... [และคนอื่นๆ]
250    ^aพิมพ์ครั้งที่ 2
260    ^aกรุงเทพฯ :^bสมาคมโรคติดเชื้อในเด็กแห่งประเทศไทย,^c2550
300    ^av, 297 หน้า :^bภาพประกอบ ;^c26 ซม.
650  7 ^aกุมารเวชศาสตร์
650  7 ^aโรคติดต่อ^xในวัยทารกและวัยเด็ก
650  7 ^aโรคติดต่อ, การควบคุม
653    ^aผลงานอาจารย์คณะแพทยศาสตร์ศิริราชพยาบาล
700 0  ^aอังกูร เกิดพาณิช,^eบรรณาธิการ
710 2  ^aสมาคมโรคติดเชื้อในเด็กแห่งประเทศไทย
945    ^p280^l0^i14213
945    ^p280^l0^i15811
995    ^aวิภา
999 ^a ใช้งานได้ทุกระบบ
รายการนี้ยังไม่มีแท็ก
คุณยังไม่ได้ล็อกอิน คุณสามารถมีกิจกรรมร่วมกับเว็บไซต์ได้ แต่ต้องล็อกอินก่อน ::
  ล็อกอิน

รายการสื่อสารสนเทศ

ลำดับที่ ประเภท เลขเรียก/บาร์โค้ด สถานที่ สถานะ
- ไม่พบข้อมูล -

รายการใกล้เคียง
    หัวเรื่อง [กุมารเวชศาสตร์]
    หัวเรื่อง [โรคติดต่อ, การควบคุม]

BibComment


ยังไม่เคยถูกคอมเมนท์

คอมเมนท์ทรัพยากรรายการนี้
  คอมเมนท์: Update on pediat..


 Copyright 2026. Bcnsprnw @Library